| 000 | 00810nam a2200241 i 4500 | ||
|---|---|---|---|
| 001 | C00087596c | ||
| 005 | 20241029153015.0 | ||
| 008 | 240614s2023 sp |||| ||spa d | ||
| 017 | _aLU 170-2023 | ||
| 020 | _a978-84-09-57840-5 | ||
| 040 |
_aM-RABA _bspa _cM-RABA |
||
| 100 | 1 |
_aLópez Vázquez, José Manuel B. ( _d1952-) _939045 |
|
| 245 | 1 | 0 |
_aExplicaciones de los Caprichos de Goya / _cJosé Manuel B. López Vázquez. |
| 260 |
_aLugo : _bTa ta ta : _b2023. |
||
| 300 |
_a2 v. [416 p. y 450 p.] : _bil. ; _c24 cm. |
||
| 500 | _aIncluye 2 volúmenes. | ||
| 600 | 1 | 4 |
_aGoya, Francisco de ( _d1746-1828). _tLos Caprichos. _916972 |
| 650 | 4 |
_aArte- _xTeoria. _979074 |
|
| 852 | 4 |
_aM-RABA _jI-1982 |
|
| 852 | 4 |
_aM-RABA _jI-1983 |
|
| 999 |
_c83881 _d83881 |
||